| 000 | 00514nam a2200217Ia 4500 | ||
|---|---|---|---|
| 005 | 20250425162800.0 | ||
| 008 | 250425s9999 xx 000 0 und d | ||
| 020 | _a8470604880 | ||
| 041 | _aspa | ||
| 082 | _a503 | ||
| 110 | _aDANAE S.A. | ||
| 245 | 0 | _aENCICLOPEDIA DE LA CIENCIA Y DE LA TECNICA: 5 MEZ-Q | |
| 250 | _a1A ED. | ||
| 260 | _aBARCELONA | ||
| 260 |
_aEspaƱa _bDANAE _c1974 |
||
| 300 | _a2543 | ||
| 650 | _aCIENCIA Y TECNICA | ||
| 650 | _aENCICLOPEDIAS | ||
| 942 | _c01 | ||
| 010 | _a108363 | ||
| 999 |
_c236332 _d236332 |
||